00723 2200193 4500245011900000020001800119250001100137100001800148700002100166650002500187650001400212005001900226260004200245041001400287084001200301300002600313500018100339336000900520 aSmall Businesses in Singapore b : Case Studies in Enterpreneurship and Strategic ManagementcPoh, Lai YuenhText a981-210-009-1 aCet. 1 aPoh, Lai Yuen aLeong, Chan Siew aPerkembangan Ekonomi aSingapura a20240506083711 aSingaporebTimes Academic Pressc1993 aIndonesia a338.959 ax, 276 hlm. :c24 cm. aTo the general readers, it is a collection of 19 highly readable and true stories of Singaporeans who gave up the comfort of paid employment for the exciting world of business. atext